| 000 | 01071nam a22002537a 4500 | ||
|---|---|---|---|
| 999 |
_c4479 _d4479 |
||
| 003 | OSt | ||
| 005 | 20250225091107.0 | ||
| 008 | 250225b ||||| |||| 00| 0 eng d | ||
| 020 | _a9781408815816 | ||
| 040 | _cKH8 | ||
| 082 | _aFIC CHA | ||
| 100 |
_aChase, Max, _eauthor. |
||
| 245 |
_aStar Fighter : _bCrash Landing / _cMax Chase. |
||
| 260 |
_aLondon ; _bBloomsbury Publishing , _c2012. |
||
| 300 |
_a114 pages : _billustrations ; _c20 cm. |
||
| 490 |
_aStar Fighter _vbook 4 |
||
| 520 | _aPeri and Diesel have succeeded in rescuing fellow crew member Selene, but now the Phoenix is under fire from not one but two alien armies - Xion and Meigwor. Whilst trying to escape the cross-fire they are sucked into the atmosphere of a mysterious planet. They survive the crash-landing unscathed, but now they must face the planets inhabitants . . . who aren't pleased to have visitors. | ||
| 650 |
_aFiction _vfighter |
||
| 650 |
_aFiction _vfantasy adventure |
||
| 650 |
_aFiction _vfantasy |
||
| 650 |
_aFiction _vadventure |
||
| 830 | _astar fighter | ||
| 942 |
_2ddc _cER |
||